00000000nam##2200000za#4500
0019.698037
003CaOODSP
00520210924140258
007cr |||||||||||
008150407|2000||||xxc|||||o    f|0| 0 eng|d
040 |aCaOODSP|beng
043 |an-cn---
0861 |aRG52-34/2000E-PDF
1101 |aCanada. |bCompetition Bureau.
24510|aIntellectual property enforcement guidelines |h[electronic resource]
260 |aOttawa - Ontario : |bIndustry Canada. |cc2000.
300 |a32p.
500 |aThe catalogue number (RG52-34/2000) and ISBN (0-662-65224-X) for the bilingual print edition have been incorrectly copied in this electronic publication.
5203 |a"Intellectual property and intellectual property rights are increasingly important in today's knowledge-based economy. In publishing these Guidelines, the Bureau articulates how it approaches the interface between competition policy and intellectual property rights.The Guidelines describe how the Bureau will determine whether conduct involving intellectual property raises an issue under the Competition Act - Preface"
590 |a13-15-Supp|b2013-06-24
69007|aCompetition|2gcpds
69007|aIntellectual property|2gcpds
69007|aLaw|2gcpds
77508|tPropriété intellectuelle, lignes directrices pour l'application de la loi |w(CaOODSP)9.642033
7760#|tIntellectual property enforcement guidelines |w(CaOODSP)9.662149
7760#|tPropriété intellectuelle: lignes directrices pour l'application de la loi |w(CaOODSP)9.662150
85640|ahttp://publications.gc.ca|qPDF|s220 KB|uhttps://publications.gc.ca/collections/Collection/RG52-34-2000E.pdf